header

Videogames and art (Record no. 242732)

MARC details
000 -LEADER
fixed length control field 01401nam a2200373 a 4500
245 00 - TITLE STATEMENT
Title Videogames and art
260 ## - PUBLICATION, DISTRIBUTION, ETC. (IMPRINT)
Place of publication Bristol ;
-- Chicago :
Name of publisher Intellect,
Year of publication 2007.
300 ## - PHYSICAL DESCRIPTION
Number of Pages 283 p. :
Other physical details ill.
505 0# - FORMATTED CONTENTS NOTE
Formatted contents note section 1. Overviews -- Section 2. Artists on art -- Section 3. Games and other art forms.
650 #0 - SUBJECT ADDED ENTRY--TOPICAL TERM
Topical Term Video games in art.
Topical Term Video games
Topical Term Computer art.
Topical Term Computer graphics.
700 1# - ADDED ENTRY--PERSONAL NAME
Personal name Clarke, Andy.
Personal name Mitchell, Grethe.
856 40 - ELECTRONIC LOCATION AND ACCESS
Uniform Resource Identifier http://site.ebrary.com/lib/rucke/Doc?id=10161037

No items available.

© 2026 Rongo University
Contact us: librarian | system librarian | Rongo university